| 000 | 00428nam a2200157Ia 4500 | ||
|---|---|---|---|
| 008 | 230312s9999||||xx |||||||||||||| ||und|| | ||
| 020 | _a81-8431-140-0 | ||
| 082 |
_a621.38043 _bGOD-A |
||
| 100 | _aGodse,A.P | ||
| 245 | 0 | _aAnalog Communications | |
| 260 |
_bTechnical Publications Pune _aIndia _c2007 |
||
| 300 | _aA-12 | ||
| 546 | _aEng. | ||
| 650 |
_aEngineering _vCommunication Systems,Noise, Radio Transmitters |
||
| 942 | _cBK | ||
| 999 |
_c1574 _d1574 |
||